ՀՀ Գիտությունների ազգային ակադեմիայի հիմնարար գիտական գրադարան  =   Fundamental Scientific Library of NAS RA

Ժամանակակից հայերենի բայական դեմքի հարցեր / (Record no. 540515)

MARC details
000 -LEADER
fixed length control field 01071nam a2200217 a 4500
001 - CONTROL NUMBER
control field 2046813
003 - CONTROL NUMBER IDENTIFIER
control field AM-YEHGA
005 - DATE AND TIME OF LATEST TRANSACTION
control field 20260408163046.0
008 - FIXED-LENGTH DATA ELEMENTS--GENERAL INFORMATION
fixed length control field 260126s1962 ai |||gr|||| 000|0 arm d
040 ## - CATALOGING SOURCE
Original cataloging agency AM-YEHGA
041 0# - LANGUAGE CODE
Language code of text/sound track or separate title arm
100 1# - MAIN ENTRY--PERSONAL NAME
Personal name Աբրահամյան, Ա․ Ա․
245 10 - TITLE STATEMENT
Title Ժամանակակից հայերենի բայական դեմքի հարցեր /
Statement of responsibility, etc. Ա․ Աբրահամյան ; Հայկական ՍՍՌ Գիտությունների ակադեմիա.
260 ## - PUBLICATION, DISTRIBUTION, ETC.
Place of publication, distribution, etc. Երևան :
Name of publisher, distributor, etc. Հայկական ՍՍՀ ԳԱ հրատ.,
Date of publication, distribution, etc. 1962.
300 ## - PHYSICAL DESCRIPTION
Extent էջ 31-48 ;
Dimensions 25 սմ.
500 ## - GENERAL NOTE
General note Առանձնատիպ՝ Հայկական ՍՍՌ Գիտությունների ակադեմիայի «Տեղեկագրից» (Հասարակական գիտությունների սերիա), № 2, 1962 թ.:
504 ## - BIBLIOGRAPHY, ETC. NOTE
Bibliography, etc. note Մատենագիտ. տողատ. ծանոթ.
650 14 - SUBJECT ADDED ENTRY--TOPICAL TERM
Topical term or geographic name entry element Հայոց լեզու
General subdivision Քերականություն
-- Առանձնատիպ
710 2# - ADDED ENTRY--CORPORATE NAME
Corporate name or jurisdiction name as entry element Հայկական ՍՍՌ Գիտությունների ակադեմիա
942 ## - ADDED ENTRY ELEMENTS (KOHA)
Source of classification or shelving scheme Universal Decimal Classification
Koha item type Գրքեր / Books
Holdings
Withdrawn status Lost status Source of classification or shelving scheme Damaged status Not for loan Collection Home library Current library Date acquired Total checkouts Full call number Barcode Date last seen Price effective from Koha item type Public note
    Universal Decimal Classification     Gharibyan individual Collection Fundamental Scientific Library Fundamental Scientific Library 26/01/2026   Ղար/677 FL0702884 26/01/2026 26/01/2026 Գրքեր / Books ILL Non-Circ.


ՀՀ ԳԱԱ հիմնարար գիտական գրադարան
ՀՀ,Երևան 0019
Մարշալ Բաղրամյան 24/6
հեռախոս:(374-10) 52-47-50
Հետադարձ կապ

All site content, except where otherwise noted, is licensed under a
Creative Commons License